Guilty as Sin? - Taylor Swift (All Lyrics) - Statistics

General Stats
  • This quiz has been taken 23 times
  • The average score is 319 of 357
Answer Stats
Lyrics % Correct
a
100%
Am
100%
am
100%
as
100%
be
100%
Blue
100%
can
100%
'Downtown
100%
guilty
100%
He
100%
He's
100%
he's
100%
How
100%
how
100%
I
100%
in
100%
In
100%
me
100%
mind?
100%
'mine'
100%
My
100%
my
100%
Nile
100%
on
100%
Only
100%
sent
100%
sin?
100%
thigh
100%
up
100%
upper
100%
written
100%
actions
92%
all
92%
allowed
92%
and
92%
cry?
92%
deep
92%
did
92%
die
92%
don't
92%
Drowning
92%
ever
92%
hadn't
92%
head
92%
heard
92%
him
92%
his
92%
if
92%
If
92%
Is
92%
it
92%
it's
92%
Lights'
92%
no
92%
once
92%
Or
92%
skin?
92%
skin
92%
talk
92%
the
92%
these
92%
These
92%
This
92%
to
92%
touching
92%
want
92%
was
92%
way
92%
we
92%
What
92%
what
92%
while
92%
Without
92%
you
92%
your
92%
actually
83%
anyway
83%
away?
83%
back
83%
bad?
83%
bad
83%
believe
83%
bone
83%
boredom's
83%
cage
83%
choose
83%
feel
83%
fine
83%
for
83%
from
83%
gonna
83%
haunted
83%
hold
83%
holy
83%
I'm
83%
inside
83%
into
83%
just
83%
keep
83%
kiss
83%
know
83%
life
83%
lip
83%
locked
83%
locks
83%
long
83%
longings
83%
lowercase
83%
mad?
83%
make
83%
maze
83%
Messy
83%
name
83%
never
83%
of
83%
Oh
83%
One
83%
our
83%
paradox
83%
recalling
83%
screamed
83%
so
83%
somehow?
83%
Someone
83%
such
83%
There's
83%
they
83%
They
83%
They're
83%
thing
83%
things
83%
thoughts
83%
Throwing
83%
told
83%
tonight
83%
top
83%
what's
83%
Why
83%
wise?
83%
wolves
83%
you've
83%
already
75%
are
75%
bedsheets
75%
both
75%
cracking
75%
Crashing
75%
crucify
75%
does
75%
done
75%
dream
75%
falling
75%
fantasies
75%
fatal
75%
hedge
75%
I've
75%
like
75%
ocean
75%
rocks
75%
seeing
75%
slip
75%
stone
75%
suffering
75%
Taking
75%
trysts
75%
uphold
75%
vault
75%
visions,
75%
vow
75%
We'll
75%
We've
75%
ablaze
67%
breath
67%
Building
67%
grave
67%
over
67%
propriety
67%
...Religiously
67%
roll
67%
stunningly
67%
labored
58%
waves
58%
Giving
50%
No matching quizzes found
Score Distribution
Percent of People with Each Score
Percentile by Number Answered
Your Score History
You have not taken this quiz